000
00250nam a2200109Ia 4500
008
190216s9999||||xx |||||||||||||| ||und||
100
_a
Skaria P P
245
0
_a
Pre-Degree Economics
260
_b
Touring Book Stall
650
_a
Economics
942
_c
BK
999
_c
9300
_d
9300